[Event "Titled Tuesday intern op 02nd Mar"]
[Site "Chess.com INT"]
[Date "2021.03.02"]
[Round "4"]
[White "Abramov, Valentin"]
[Black "Golubev, Mikhail"]
[Result "0-1"]
[WhiteElo "2271"]
[BlackElo "2461"]
[PlyCount "78"]
[EventDate "2021.03.02"]
[EventType "swiss (blitz)"]
[EventRounds "11"]
[EventCountry "USA"]
[SourceTitle "CBM 201 Extra"]
[Source "ChessBase"]
[SourceDate "2021.05.31"]
[SourceVersion "1"]
[SourceVersionDate "2021.05.31"]
[SourceQuality "1"]

1. d4 Nf6 2. Bg5 d5 3. Bxf6 gxf6 4. e3 c5 5. c3 e5 6. dxe5 fxe5 7. Nd2 Nc6 8. Qh5 Qf6 9. Ngf3 e4 10. Ng1 Be6 11. Ne2 0-0-0 12. Nf4 d4 13. Nxe4 Qe7 14. Nxe6 Qxe6 15. Nxc5 Bxc5 16. Qxc5 Rd5 17. Bc4 Rxc5 18. Bxe6+ fxe6 19. exd4 Rg5 20. g3 e5 21. d5 Ne7 22. Rd1 Rd8 23. c4 Nf5 24. Ke2 Nd4+ 25. Ke3 Nf5+ 26. Ke2 Rg4 27. b3 Nd4+ 28. Ke3 Rf8 29. f4 Nf5+ 30. Kf3 h5 31. fxe5 Nxg3+ 32. Ke3 Nxh1 33. Rxh1 Kd7 34. Re1 b6 35. Kd3 Rf3+ 36. Kc2 Rg2+ 37. Kc1 Rxa2 38. Kb1 Ra3 39. e6+ Ke8 0-1

[Event "World Corporate East A"]
[Site "Chess.com INT"]
[Date "2021.02.19"]
[Round "3.1"]
[White "Todorovic, Bojan"]
[Black "Abramov, Valentin"]
[Result "0-1"]
[WhiteElo "2280"]
[BlackElo "2271"]
[PlyCount "74"]
[EventDate "2021.02.19"]
[EventType "team (rapid)"]
[EventRounds "7"]
[EventCountry "USA"]
[SourceTitle "EXT 2022"]
[Source "ChessBase"]
[SourceDate "2021.10.06"]
[SourceVersion "1"]
[SourceVersionDate "2021.10.06"]
[SourceQuality "1"]
[WhiteTeam "Tigar Tyres"]
[BlackTeam "Pulkovo RIVC"]
[WhiteTeamCountry "SRB"]
[BlackTeamCountry "RUS"]

1. d4 Nf6 2. c4 c5 3. d5 b5 4. cxb5 a6 5. e3 d6 6. a4 g6 7. Ne2 axb5 8. Nec3 b4 9. Nb5 Bb7 10. Bc4 Nbd7 11. b3 Bg7 12. Bb2 0-0 13. 0-0 Nb6 14. Bxf6 Bxf6 15. Ra2 Qd7 16. Nd2 Bg7 17. e4 Kh8 18. Re1 f5 19. Nf3 fxe4 20. Rxe4 Rf5 21. Rae2 Nxd5 22. Bxd5 Rxd5 23. Qe1 e5 24. h3 Rd3 25. R4e3 Rxe3 26. Rxe3 e4 27. Nd2 d5 28. Re2 Rf8 29. f3 Bc6 30. fxe4 Bxb5 31. axb5 dxe4 32. Rxe4 Qxb5 33. Nc4 Qc6 34. Qe2 Bd4+ 35. Kh1 Qf6 36. Re8 Kg7 37. Rxf8 Qxf8 0-1

[Event "Novaya Ladoga"]
[Site "Novaya Ladoga"]
[Date "2008.07.09"]
[Round "9"]
[White "Abramov, Valentin"]
[Black "Sysolyatin, Evgeny Valerievich"]
[Result "1-0"]
[WhiteElo "2339"]
[BlackElo "2335"]
[PlyCount "95"]
[EventDate "2008.07.01"]
[EventType "tourn"]
[EventRounds "9"]
[EventCountry "RUS"]
[EventCategory "3"]
[SourceTitle "CBM 125 Extra"]
[Source "ChessBase"]
[SourceDate "2008.09.01"]
[SourceVersion "1"]
[SourceVersionDate "2008.09.01"]
[SourceQuality "1"]

1. d4 d5 2. c4 e6 3. Nf3 Nf6 4. e3 Be7 5. Bd3 0-0 6. 0-0 b6 7. Nbd2 Bb7 8. b3 Nbd7 9. Bb2 c5 10. Qe2 Ne4 11. Rfd1 f5 12. Rac1 Qe8 13. cxd5 exd5 14. Ba6 Qc8 15. Bxb7 Qxb7 16. dxc5 bxc5 17. Nxe4 fxe4 18. Ne5 Nxe5 19. Bxe5 Rf5 20. Qb2 Bf8 21. Rc2 Re8 22. Bg3 Qf7 23. Rcd2 g5 24. Qc3 h5 25. h4 g4 26. a3 Qe6 27. Qc2 Rc8 28. Rc1 Bh6 29. Rd4 Rc6 30. Ra4 a6 31. Re1 Bg7 32. Rc1 Rf8 33. Qe2 Rf7 34. Ra5 Bf8 35. Kh2 Rb7 36. b4 c4 37. Qd1 Rd7 38. Qa4 Bg7 39. b5 axb5 40. Rxb5 Ra6 41. Qb4 Qc6 42. a4 Kh7 43. a5 Bf8 44. Qxf8 Qxb5 45. Be5 Qb7 46. Rb1 Qxb1 47. Qf5+ Kg8 48. Qxd7 1-0

[Event "Novaya Ladoga"]
[Site "Novaya Ladoga"]
[Date "2008.07.05"]
[Round "5"]
[White "Abramov, Valentin"]
[Black "Hermanov, Alexander"]
[Result "1-0"]
[WhiteElo "2339"]
[BlackElo "2295"]
[PlyCount "120"]
[EventDate "2008.07.01"]
[EventType "tourn"]
[EventRounds "9"]
[EventCountry "RUS"]
[EventCategory "3"]
[SourceTitle "CBM 125 Extra"]
[Source "ChessBase"]
[SourceDate "2008.09.01"]
[SourceVersion "1"]
[SourceVersionDate "2008.09.01"]
[SourceQuality "1"]

1. d4 f5 2. c4 Nf6 3. Nf3 e6 4. Nc3 Bb4 5. Bd2 0-0 6. Qc2 d6 7. g3 Nc6 8. a3 Bxc3 9. Bxc3 Ne4 10. b4 Nxc3 11. Qxc3 Qf6 12. b5 Ne7 13. Bg2 a6 14. a4 axb5 15. axb5 Rxa1+ 16. Qxa1 Ng6 17. 0-0 e5 18. e3 b6 19. Rc1 Qe7 20. Qa7 f4 21. exf4 exf4 22. c5 fxg3 23. hxg3 Bg4 24. cxb6 cxb6 25. Qxe7 Nxe7 26. Nd2 Rc8 27. Ra1 Rc2 28. Ne4 Nc8 29. Ng5 h6 30. Bd5+ Kf8 31. Ne6+ Ke7 32. Nxg7 Kf6 33. Ne8+ Ke7 34. f3 Bd7 35. Ng7 Kf6 36. Nh5+ Kg5 37. Nf4 Bxb5 38. Be6 Ne7 39. Rb1 Be2 40. Rxb6 Bxf3 41. Rxd6 Nf5 42. Bxf5 Kxf5 43. Rxh6 Rd2 44. d5 Bxd5 45. Nxd5 Kg5 46. Rd6 Rd3 47. Kg2 Rd2+ 48. Kh3 Rd1 49. Nc3 Re1 50. Rd5+ Kg6 51. Kg4 Re6 52. Rg5+ Kh6 53. Nd5 Ra6 54. Nf4 Rb6 55. Re5 Rb4 56. Re6+ Kg7 57. Kf5 Rb7 58. g4 Rb5+ 59. Re5 Rb7 60. g5 Ra7 1-0

[Event "Novaya Ladoga"]
[Site "Novaya Ladoga"]
[Date "2008.07.02"]
[Round "2"]
[White "Mishuchkov, Nikolai Mikhailovic"]
[Black "Abramov, Valentin"]
[Result "1/2-1/2"]
[WhiteElo "2371"]
[BlackElo "2339"]
[PlyCount "60"]
[EventDate "2008.07.01"]
[EventType "tourn"]
[EventRounds "9"]
[EventCountry "RUS"]
[EventCategory "3"]
[SourceTitle "CBM 125 Extra"]
[Source "ChessBase"]
[SourceDate "2008.09.01"]
[SourceVersion "1"]
[SourceVersionDate "2008.09.01"]
[SourceQuality "1"]

1. Nf3 c5 2. c4 Nc6 3. d4 cxd4 4. Nxd4 Nf6 5. Nc3 d6 6. e4 a6 7. Be2 e6 8. Be3 Bd7 9. 0-0 Be7 10. Rc1 0-0 11. f4 Nxd4 12. Qxd4 Bc6 13. Bf3 Nd7 14. b4 b5 15. cxb5 Bxb5 16. Nxb5 axb5 17. Qd3 Rxa2 18. Qxb5 Ra3 19. Bf2 Nf6 20. e5 dxe5 21. fxe5 Nd5 22. Bxd5 exd5 23. Rcd1 Rb3 24. Bc5 Bxc5+ 25. Qxc5 Qb8 26. Rxd5 Rxb4 27. h3 h6 28. Rd7 Qb6 29. Qxb6 Rxb6 30. Re7 Rb2 1/2-1/2

[Event "St Petersburg June op"]
[Site "St Petersburg"]
[Date "2008.06.26"]
[Round "6"]
[White "Urjubdshzirov, Erdni"]
[Black "Abramov, Valentin"]
[Result "0-1"]
[WhiteElo "2243"]
[BlackElo "2321"]
[PlyCount "156"]
[EventDate "2008.06.21"]
[EventType "swiss"]
[EventRounds "9"]
[EventCountry "RUS"]
[SourceTitle "CBM 125 Extra"]
[Source "ChessBase"]
[SourceDate "2008.09.01"]
[SourceVersion "1"]
[SourceVersionDate "2008.09.01"]
[SourceQuality "1"]

1. e4 c5 2. Nc3 Nc6 3. Nge2 d6 4. d4 cxd4 5. Nxd4 Nf6 6. g3 g6 7. Nde2 Bg7 8. Bg2 0-0 9. h3 Rb8 10. a4 a6 11. 0-0 b5 12. axb5 axb5 13. Nd5 Bb7 14. Kh2 Nd7 15. f4 Nc5 16. g4 e6 17. Ne3 Ne7 18. Ng3 Qb6 19. c3 Ra8 20. Rb1 Ra4 21. b4 Na6 22. Nc4 Qc7 23. Nxd6 Rd8 24. e5 Bxg2 25. Kxg2 Qxc3 26. Nge4 Ra2+ 27. Rf2 Rxf2+ 28. Kxf2 Qxh3 29. Qf3 Qh2+ 30. Qg2 Qxg2+ 31. Kxg2 Nd5 32. Bd2 f6 33. exf6 Nxf6 34. Nxf6+ Bxf6 35. Ne4 Be7 36. Bc3 Nc7 37. Be5 Nd5 38. Nc5 Ne3+ 39. Kg3 Nc4 40. Nxe6 Rd3+ 41. Kg2 Nxe5 42. fxe5 Re3 43. Nd4 Rxe5 44. Nc6 Re6 45. Nd4 Re4 46. Nxb5 Rxg4+ 47. Kf3 Rxb4 48. Rxb4 Bxb4 49. Nd4 Kf7 50. Kg4 Kf6 51. Nf3 Be7 52. Kf4 Bd6+ 53. Kg4 Bc5 54. Kf4 Bb6 55. Kg4 Bf2 56. Kf4 Bb6 57. Kg4 Bc7 58. Nd4 h5+ 59. Kf3 g5 60. Kg2 g4 61. Nf3 Bb8 62. Kf2 Kf5 63. Kg2 Kf4 64. Ng1 Bc7 65. Nh3+ Kf5 66. Kh1 Bb6 67. Kg2 h4 68. Kh2 Be3 69. Kh1 Ke4 70. Kg2 Kd3 71. Kh1 Kd2 72. Kh2 Kd1 73. Kh1 Ke1 74. Kh2 Kf1 75. Kh1 g3 76. Nf4 h3 77. Nxh3 g2+ 78. Kh2 Bf2 0-1

[Event "St Petersburg June op"]
[Site "St Petersburg"]
[Date "2008.06.23"]
[Round "3"]
[White "Nikitinyh, Boris Aleksandrovic"]
[Black "Abramov, Valentin"]
[Result "0-1"]
[WhiteElo "2167"]
[BlackElo "2321"]
[PlyCount "66"]
[EventDate "2008.06.21"]
[EventType "swiss"]
[EventRounds "9"]
[EventCountry "RUS"]
[SourceTitle "CBM 125 Extra"]
[Source "ChessBase"]
[SourceDate "2008.09.01"]
[SourceVersion "1"]
[SourceVersionDate "2008.09.01"]
[SourceQuality "1"]

1. e4 c5 2. Be2 Nc6 3. f4 g6 4. Nf3 Bg7 5. 0-0 e6 6. d3 Nge7 7. Nbd2 0-0 8. c3 d5 9. Qe1 b5 10. h3 a5 11. Nh2 a4 12. Ndf3 b4 13. e5 Ba6 14. Bd2 Rb8 15. g4 a3 16. bxa3 bxc3 17. Bxc3 d4 18. Bd2 c4 19. dxc4 d3 20. Bd1 Bxc4 21. Qe4 Qd5 22. Qxd5 Bxd5 23. Ne1 f6 24. Nxd3 fxe5 25. Bc3 Bc4 26. Bc2 Nd5 27. Bxe5 Nxe5 28. fxe5 Ne3 29. Rxf8+ Bxf8 30. Bb1 Bxa3 31. Nf3 Rd8 32. Nfe1 Rf8 33. Nf2 Bb2 0-1

[Event "Northwest FR-ch"]
[Site "St Petersburg"]
[Date "2008.03.27"]
[Round "8"]
[White "Abramov, Valentin"]
[Black "Mishuchkov, Nikolai Mikhailovic"]
[Result "1/2-1/2"]
[WhiteElo "2321"]
[BlackElo "2355"]
[PlyCount "73"]
[EventDate "2008.03.21"]
[EventType "swiss"]
[EventRounds "9"]
[EventCountry "RUS"]
[SourceTitle "EXT 2022"]
[Source "ChessBase"]
[SourceDate "2021.10.06"]
[SourceVersion "1"]
[SourceVersionDate "2021.10.06"]
[SourceQuality "1"]

1. d4 d6 2. Nf3 Nf6 3. c4 g6 4. Nc3 Bg4 5. e4 Bxf3 6. Qxf3 Nc6 7. d5 Ne5 8. Qd1 c6 9. f4 Ned7 10. Be3 Bg7 11. Be2 0-0 12. 0-0 cxd5 13. exd5 Nc5 14. Bf3 Nfd7 15. Rc1 Nb6 16. b3 a5 17. Nb5 Nc8 18. Re1 Na7 19. Nd4 Qb6 20. Kh1 a4 21. Rb1 axb3 22. Nxb3 Qc7 23. Nxc5 dxc5 24. Qb3 Rab8 25. Qb6 Qxb6 26. Rxb6 Rfc8 27. Bf2 Rc7 28. f5 Nc8 29. Bg3 Rd7 30. Rb5 Nd6 31. fxg6 hxg6 32. Rxc5 Ra8 33. Re2 Bd4 34. Bxd6 exd6 35. Rb5 b6 36. Rb3 Ra4 37. Rc2 1/2-1/2

[Event "Northwest FR-ch"]
[Site "St Petersburg"]
[Date "2008.03.25"]
[Round "6"]
[White "Abramov, Valentin"]
[Black "Vlassow, Valentin"]
[Result "0-1"]
[WhiteElo "2321"]
[BlackElo "2373"]
[PlyCount "96"]
[EventDate "2008.03.21"]
[EventType "swiss"]
[EventRounds "9"]
[EventCountry "RUS"]
[SourceTitle "EXT 2022"]
[Source "ChessBase"]
[SourceDate "2021.10.06"]
[SourceVersion "1"]
[SourceVersionDate "2021.10.06"]
[SourceQuality "1"]

1. d4 d5 2. c4 Bf5 3. Nc3 e6 4. Nf3 Nf6 5. Bf4 Be7 6. Qb3 Nc6 7. c5 Qc8 8. h3 0-0 9. e3 Ne4 10. Bb5 Nb8 11. 0-0 c6 12. Be2 Nd7 13. Nxe4 Bxe4 14. Qc3 Bf6 15. b4 a6 16. a4 Re8 17. Bg3 Bxf3 18. Bxf3 e5 19. Bg4 exd4 20. exd4 Re4 21. Rfd1 Qe8 22. Bf5 Re2 23. Qd3 Nf8 24. Kf1 Re7 25. Bd6 g6 26. Bxe7 Qxe7 27. Bg4 h5 28. Bf3 Ne6 29. Qe3 Qc7 30. g3 Ng7 31. Qc3 Ne6 32. b5 axb5 33. axb5 Rxa1 34. Qxa1 Kg7 35. b6 Qd7 36. Qc3 Qe8 37. Qb4 Qd7 38. h4 Qe8 39. Qa4 Qd7 40. Bg2 Nd8 41. Bf3 Qf5 42. Kg2 Ne6 43. Rd2 Bxh4 44. gxh4 Nf4+ 45. Kg3 g5 46. hxg5 h4+ 47. Kh2 Qh3+ 48. Kg1 Qxf3 0-1

[Event "St Petersburg op"]
[Site "St Petersburg"]
[Date "2007.11.04"]
[Round "9"]
[White "Korchagina, Victoria"]
[Black "Abramov, Valentin"]
[Result "0-1"]
[WhiteElo "2173"]
[BlackElo "2337"]
[PlyCount "102"]
[EventDate "2007.10.27"]
[EventType "swiss"]
[EventRounds "9"]
[EventCountry "RUS"]
[SourceTitle "CBM 121 Extra"]
[Source "ChessBase"]
[SourceDate "2008.01.10"]
[SourceVersion "1"]
[SourceVersionDate "2008.01.10"]
[SourceQuality "1"]

1. e4 c5 2. Nf3 Nc6 3. d4 cxd4 4. Nxd4 Nf6 5. Nc3 d6 6. Bc4 Bd7 7. Bb3 g6 8. f3 Nxd4 9. Qxd4 Bg7 10. Bg5 0-0 11. 0-0-0 b5 12. Qd2 a5 13. e5 b4 14. exf6 bxc3 15. Qxc3 exf6 16. Be3 a4 17. Bc4 Rc8 18. Rxd6 Qe7 19. Bf4 Be6 20. Re1 Rxc4 21. Qxc4 Qxd6 22. Bxd6 Bxc4 23. Bxf8 Kxf8 24. b3 axb3 25. axb3 Be6 26. c4 Ke8 27. Rd1 Bf8 28. Kb2 Bb4 29. Ra1 Bd6 30. Ra8+ Kd7 31. h3 h5 32. Kc3 Be5+ 33. Kb4 Kc6 34. Ra6+ Kb7 35. Ra2 f5 36. Kb5 g5 37. b4 g4 38. hxg4 fxg4 39. fxg4 hxg4 40. Re2 Bd4 41. c5 g3 42. Re4 Bf2 43. Rf4 Bd5 44. Rf6 Bxg2 45. Rxf7+ Kc8 46. Rh7 Be4 47. Re7 g2 48. Rxe4 g1Q 49. Kc6 Qg6+ 50. Kd5 Qf5+ 51. Re5 Qd7+ 0-1

[Event "St Petersburg op"]
[Site "St Petersburg"]
[Date "2007.11.01"]
[Round "6"]
[White "Zhukov, Dmitry"]
[Black "Abramov, Valentin"]
[Result "0-1"]
[WhiteElo "2178"]
[BlackElo "2337"]
[PlyCount "70"]
[EventDate "2007.10.27"]
[EventType "swiss"]
[EventRounds "9"]
[EventCountry "RUS"]
[SourceTitle "CBM 121 Extra"]
[Source "ChessBase"]
[SourceDate "2008.01.10"]
[SourceVersion "1"]
[SourceVersionDate "2008.01.10"]
[SourceQuality "1"]

1. e4 c5 2. Nf3 Nc6 3. d4 cxd4 4. Nxd4 Nf6 5. Nc3 d6 6. Be2 e5 7. Nb3 Be7 8. 0-0 0-0 9. Be3 a5 10. a4 Nb4 11. f4 Be6 12. Bf3 exf4 13. Bxf4 Nxc2 14. Qxc2 Qb6+ 15. Kh1 Bxb3 16. Qd2 Rfd8 17. Rfe1 Rac8 18. Nb5 d5 19. exd5 Bb4 20. Nc3 Bxc3 21. bxc3 Bxd5 22. Rab1 Qc6 23. Bxd5 Nxd5 24. c4 Qxc4 25. Rbc1 Qxf4 26. Rxc8 Rxc8 27. Qxd5 Qxa4 28. Qxb7 Qc4 29. h3 h6 30. Qa7 Qc7 31. Qa6 Qc3 32. Kh2 g6 33. Re2 Kg7 34. Rf2 Qe5+ 35. g3 Rc3 0-1

[Event "Riazan op"]
[Site "Riazan"]
[Date "2007.08.??"]
[Round "?"]
[White "Abramov, Valentin"]
[Black "Shibaev, Vitaly"]
[Result "0-1"]
[WhiteElo "2337"]
[BlackElo "2148"]
[PlyCount "108"]
[EventDate "2007.08.??"]
[EventType "swiss"]
[EventRounds "9"]
[EventCountry "RUS"]
[SourceTitle "EXT 2009"]
[Source "ChessBase"]
[SourceDate "2008.11.26"]
[SourceVersion "1"]
[SourceVersionDate "2008.11.26"]
[SourceQuality "1"]

1. e4 e6 2. d4 Nf6 3. e5 Nd5 4. c4 Nb6 5. a3 a5 6. Nf3 Be7 7. Nc3 d5 8. c5 N6d7 9. Be3 0-0 10. Bd3 Nc6 11. Rb1 f6 12. exf6 Bxf6 13. Bc2 Re8 14. b4 axb4 15. axb4 b6 16. b5 Ne7 17. c6 Nf8 18. g4 Neg6 19. g5 Be7 20. h4 Bd6 21. Qd2 Qe7 22. h5 Nh8 23. Ne5 Ra5 24. Rh3 Bb4 25. Qd3 Ra3 26. Rb3 Rxb3 27. Bxb3 Nf7 28. Kf1 Bxc3 29. Qxc3 Nxg5 30. Bxg5 Qxg5 31. Bd1 h6 32. Rg3 Qh4 33. Qf3 Qe7 34. Bc2 Nh7 35. Ng6 Qf6 36. Qe3 Ng5 37. Kg2 Rd8 38. f4 Nf7 39. Ne5 Nd6 40. Qd3 Ne4 41. Rg4 Qf8 42. Qf3 Nf6 43. Rg6 Qe7 44. Bd3 Rf8 45. Kf2 Ne8 46. Ke3 Qh4 47. Rg1 Qd8 48. Qg2 Qf6 49. Qh2 Nd6 50. Rg6 Nf5+ 51. Kd2 Qe7 52. Qg2 Qb4+ 53. Kc1 Qxd4 54. Bxf5 Qxf4+ 0-1

[Event "Riazan op"]
[Site "Riazan"]
[Date "2007.08.??"]
[Round "?"]
[White "Vasiliev, Vladimir P"]
[Black "Abramov, Valentin"]
[Result "1-0"]
[WhiteElo "2352"]
[BlackElo "2337"]
[PlyCount "67"]
[EventDate "2007.08.??"]
[EventType "swiss"]
[EventRounds "9"]
[EventCountry "RUS"]
[SourceTitle "EXT 2009"]
[Source "ChessBase"]
[SourceDate "2008.11.26"]
[SourceVersion "1"]
[SourceVersionDate "2008.11.26"]
[SourceQuality "1"]

1. Nf3 Nf6 2. g3 b5 3. Bg2 Bb7 4. 0-0 c5 5. b3 g6 6. Bb2 Bg7 7. e3 0-0 8. d4 cxd4 9. exd4 d5 10. Re1 e6 11. Ne5 Qb6 12. Nd2 Rc8 13. c3 Nc6 14. Nxc6 Bxc6 15. b4 Ne8 16. Nb3 Nd6 17. Nc5 Nb7 18. a3 Nxc5 19. bxc5 Qb7 20. Bc1 Bd7 21. Bf4 f6 22. Rb1 Qc6 23. Bf1 a6 24. a4 e5 25. axb5 axb5 26. Bxb5 Qe6 27. Bf1 g5 28. Be3 Ra3 29. c4 e4 30. Rb6 Qf7 31. Qc1 Ra4 32. Qc2 dxc4 33. c6 Rxc6 34. Rb8+ 1-0

[Event "Riazan Region-ch"]
[Site "Riazan"]
[Date "2007.04.??"]
[Round "2"]
[White "Abramov, Valentin"]
[Black "Moiseev, Viktor"]
[Result "1/2-1/2"]
[WhiteElo "2337"]
[BlackElo "2415"]
[PlyCount "23"]
[EventDate "2007.04.??"]
[EventType "swiss"]
[EventRounds "9"]
[EventCountry "RUS"]
[SourceTitle "EXT 2010"]
[Source "ChessBase"]
[SourceDate "2010.11.25"]
[SourceVersion "1"]
[SourceVersionDate "2010.11.25"]
[SourceQuality "1"]

1. e4 e6 2. d4 b6 3. Nf3 Bb7 4. Bd3 c5 5. c3 cxd4 6. cxd4 Nc6 7. Nc3 Bb4 8. 0-0 Nge7 9. h4 0-0 10. a3 Bxc3 11. bxc3 f5 12. e5 1/2-1/2

[Event "St Petersburg White Nights op"]
[Site "St Petersburg"]
[Date "2006.06.23"]
[Round "1"]
[White "Gaprindashvili, Nona1111"]
[Black "Abramov, Valentin"]
[Result "0-1"]
[WhiteElo "2050"]
[BlackElo "2333"]
[PlyCount "92"]
[EventDate "2006.06.23"]
[EventType "swiss"]
[EventRounds "9"]
[EventCountry "RUS"]
[SourceTitle "CBM 112 Extra"]
[Source "ChessBase"]
[SourceDate "2006.07.14"]
[SourceVersion "1"]
[SourceVersionDate "2006.07.14"]
[SourceQuality "1"]

1. e4 c5 2. f4 d5 3. Bb5+ Nc6 4. e5 Bd7 5. Nf3 Nxe5 6. fxe5 Bxb5 7. Nc3 Bc6 8. e6 fxe6 9. Ng5 Qd6 10. Qh5+ g6 11. Qe2 e5 12. Nb5 Bxb5 13. Qxb5+ Qc6 14. Qxc6+ bxc6 15. 0-0 Nf6 16. Ne6 Rb8 17. Nxc5 Bh6 18. b3 Rb5 19. d4 Bxc1 20. Raxc1 exd4 21. Ne6 Kd7 22. Nxd4 Ra5 23. a4 Ne4 24. Rf7 Rc5 25. Kf1 Rc3 26. Ke2 Nd6 27. Rf3 Rxf3 28. Nxf3 Ne4 29. Ne5+ Kc7 30. c4 d4 31. Kd3 Nc5+ 32. Kc2 Rb8 33. Rb1 Kd6 34. Nd3 Nxd3 35. Kxd3 c5 36. Ke4 a5 37. Rb2 Rf8 38. Ra2 e5 39. Rb2 Rf4+ 40. Kd3 e4+ 41. Ke2 e3 42. Kd3 Ke5 43. b4 axb4 44. a5 Rf2 45. Re2 Rxe2 46. Kxe2 Kd6 0-1

[Event "St Petersburg Autumn op"]
[Site "St Petersburg"]
[Date "2005.11.06"]
[Round "9"]
[White "Abramov, Valentin"]
[Black "Znamensky, Vladimir"]
[Result "0-1"]
[WhiteElo "2338"]
[BlackElo "2353"]
[PlyCount "118"]
[EventDate "2005.10.29"]
[EventType "swiss"]
[EventRounds "9"]
[EventCountry "RUS"]
[SourceTitle "EXT 2006"]
[Source "ChessBase"]
[SourceDate "2005.11.24"]
[SourceVersion "1"]
[SourceVersionDate "2005.11.24"]
[SourceQuality "1"]

1. d4 d5 2. c4 e6 3. Nf3 Be7 4. e3 Nf6 5. Nbd2 0-0 6. Bd3 b6 7. 0-0 Bb7 8. b3 Nbd7 9. Bb2 c5 10. Qe2 Rc8 11. Rac1 Rc7 12. Rfd1 Qa8 13. cxd5 Nxd5 14. Bb1 Rfc8 15. e4 Nf4 16. Qe3 Ng6 17. Qe1 cxd4 18. Rxc7 Rxc7 19. Nxd4 Nc5 20. f3 Rd7 21. Nc4 Qd8 22. Bc2 Na6 23. Ne2 Nb4 24. Rxd7 Qxd7 25. Bb1 Bc5+ 26. Kf1 Qc7 27. g3 b5 28. Qc3 f6 29. a3 bxc4 30. axb4 Bd6 31. bxc4 Be5 32. Nd4 Bxd4 33. Qxd4 Ne5 34. c5 Nxf3 35. Qe3 Nxh2+ 36. Kg1 Ng4 37. Qf4 Qxf4 38. gxf4 a6 39. Ba2 Kf7 40. f5 Bxe4 41. Bxe6+ Ke8 42. Bc4 Bb7 43. b5 axb5 44. Bxb5+ Kd8 45. c6 Bc8 46. Bc3 Kc7 47. Ba5+ Kd6 48. Bb4+ Ke5 49. Bf8 g5 50. fxg6 hxg6 51. Bc4 Kd4 52. Bf7 Ne5 53. Be8 Kd5 54. Be7 Ke6 55. Bb4 g5 56. Kh2 f5 57. Bc3 Nc4 58. Bb4 Ne3 59. Bd2 Nf1+ 0-1

[Event "St Petersburg Autumn op"]
[Site "St Petersburg"]
[Date "2005.11.05"]
[Round "8"]
[White "Abramov, Valentin"]
[Black "Gnidenko, Andrey"]
[Result "1-0"]
[WhiteElo "2338"]
[BlackElo "2049"]
[PlyCount "67"]
[EventDate "2005.10.29"]
[EventType "swiss"]
[EventRounds "9"]
[EventCountry "RUS"]
[SourceTitle "EXT 2006"]
[Source "ChessBase"]
[SourceDate "2005.11.24"]
[SourceVersion "1"]
[SourceVersionDate "2005.11.24"]
[SourceQuality "1"]

1. d4 Nf6 2. Nf3 g6 3. c4 Bg7 4. Nc3 d5 5. e3 0-0 6. Bd3 dxc4 7. Bxc4 c5 8. 0-0 Nc6 9. d5 Na5 10. Be2 a6 11. a4 c4 12. e4 Bd7 13. e5 Ne8 14. Be3 Nb3 15. Ra3 b5 16. axb5 axb5 17. Rxb3 cxb3 18. Qxb3 Qa5 19. Bc5 Nc7 20. Bxe7 Rfe8 21. Bb4 Qb6 22. Bd6 Rab8 23. Ne4 Bf5 24. Bc5 Qa5 25. Nd6 Red8 26. Nxf5 gxf5 27. Bd6 Rb7 28. Nh4 Qa4 29. Qg3 Nxd5 30. Nxf5 f6 31. Bf3 Nf4 32. exf6 Nh5 33. Bxh5 Qe4 34. Be7 1-0

[Event "St Petersburg Autumn op"]
[Site "St Petersburg"]
[Date "2005.10.30"]
[Round "2"]
[White "Astanovsky, Kirill"]
[Black "Abramov, Valentin"]
[Result "0-1"]
[WhiteElo "2118"]
[BlackElo "2338"]
[PlyCount "70"]
[EventDate "2005.10.29"]
[EventType "swiss"]
[EventRounds "9"]
[EventCountry "RUS"]
[SourceTitle "EXT 2006"]
[Source "ChessBase"]
[SourceDate "2005.11.24"]
[SourceVersion "1"]
[SourceVersionDate "2005.11.24"]
[SourceQuality "1"]

1. d4 Nf6 2. c4 c5 3. d5 b5 4. cxb5 a6 5. b6 Qxb6 6. Nc3 g6 7. Nf3 Bg7 8. e4 d6 9. Be2 0-0 10. 0-0 Nbd7 11. h3 Rb8 12. Nd2 Qc7 13. a4 e6 14. a5 exd5 15. exd5 Re8 16. f4 Rb4 17. Ra4 Bb7 18. Bf3 Rd4 19. Qb3 Rb8 20. Qa2 Ba8 21. Ndb1 Rbb4 22. Ra3 Rb8 23. Re1 c4 24. Ra4 Rc8 25. Be3 Nxd5 26. Bxd5 Bxd5 27. Bxd4 Bxd4+ 28. Kh2 Be6 29. Nd2 d5 30. Ne2 Be3 31. Nf3 Nc5 32. Ra3 Nd3 33. Rd1 Bxf4+ 34. Nxf4 Qxf4+ 35. Kg1 Bxh3 0-1

[Event "Pardubice op-B"]
[Site "Pardubice"]
[Date "2005.07.??"]
[Round "4"]
[White "Abramov, Valentin"]
[Black "Lasinskas, Povilas"]
[Result "1-0"]
[WhiteElo "2306"]
[BlackElo "2185"]
[PlyCount "49"]
[EventDate "2005.07.22"]
[EventType "swiss"]
[EventRounds "9"]
[EventCountry "CZE"]
[SourceTitle "CBM 107 Extra"]
[Source "ChessBase"]
[SourceDate "2005.09.01"]
[SourceVersion "1"]
[SourceVersionDate "2005.09.01"]
[SourceQuality "1"]

1. d4 e6 2. Nf3 b6 3. e4 Bb7 4. Bd3 c5 5. c3 cxd4 6. cxd4 Bb4+ 7. Bd2 Bxd2+ 8. Qxd2 Nf6 9. Nc3 d5 10. e5 Ne4 11. Bxe4 dxe4 12. Ng5 e3 13. Qxe3 Bxg2 14. Rg1 Bc6 15. Nge4 Kf8 16. 0-0-0 Na6 17. Nd6 Rc8 18. Nxc8 Qxc8 19. Kb1 h6 20. Ne4 Bxe4+ 21. Qxe4 g6 22. Qf3 Kg8 23. Rc1 Qf8 24. Qb7 Qb4 25. Rxg6+ 1-0